[Event "Hammersmith CC op"]
[Site "London"]
[Date "2022.06.04"]
[Round "2"]
[White "Bonn, Thomas"]
[Black "Vekaria, Vinay"]
[Result "1-0"]
[WhiteElo "2246"]
[BlackElo "1935"]
[PlyCount "61"]
[EventDate "2022.06.04"]
[EventType "swiss"]
[EventRounds "6"]
[EventCountry "ENG"]
[SourceTitle "CBM 208 Extra"]
[Source "ChessBase"]
[SourceDate "2022.07.31"]
[SourceVersion "1"]
[SourceVersionDate "2022.07.31"]
[SourceQuality "1"]

1. d4 d5 2. Bf4 Nf6 3. Nf3 e6 4. e3 c5 5. c3 Bd6 6. Bg3 Qc7 7. Ne5 Nbd7 8. f4 Ne4 9. Nd2 Nxd2 10. Qxd2 f6 11. Nf3 c4 12. Be2 b5 13. 0-0 Nb6 14. Bd1 Bd7 15. Bc2 f5 16. Bh4 a5 17. Ne5 Bxe5 18. fxe5 0-0 19. g4 Rae8 20. Rae1 Bc8 21. gxf5 exf5 22. Kh1 Qf7 23. Bd1 Re6 24. Rg1 Rg6 25. Rxg6 Qxg6 26. Rg1 Qh6 27. Bg5 Qe6 28. Qf2 Kf7 29. Qh4 Rh8 30. Qh5+ Qg6 31. Bf6 1-0